000 00349nam a2200133Ia 4500
003 GCL
008 140319s9999 xx 000 0 ara d
040 _aGCL /
_cGCL
082 0 4 _a301.363
_bع ز
245 1 0 _aالزواج وتطور مجتمع البحرين
260 _a[S.N] :
_bمكتبة مدبولى ،
_c1989
300 _a623 ص
490 _a
999 _c55956
_d55956